India's trade prospects with Brazil. (Record no. 77577)

MARC details
000 -LEADER
fixed length control field 00659nam a22002411 4500
001 - CONTROL NUMBER
control field sa 68000954
003 - CONTROL NUMBER IDENTIFIER
control field DLC
005 - DATE AND TIME OF LATEST TRANSACTION
control field 20260227112428.0
008 - FIXED-LENGTH DATA ELEMENTS--GENERAL INFORMATION
fixed length control field 710903s1967 ii b b 00000 eng
010 ## - LIBRARY OF CONGRESS CONTROL NUMBER
LC control number sa 68000954
025 ## - OVERSEAS ACQUISITION NUMBER
Overseas acquisition number PL480:I-E-9055
043 ## - GEOGRAPHIC AREA CODE
Geographic area code a-ii---
-- s-bl---
050 0# - LIBRARY OF CONGRESS CALL NUMBER
Classification number HF3406.5
Item number .I5
110 20 - MAIN ENTRY--CORPORATE NAME
Corporate name or jurisdiction name as entry element Indian Institute of Foreign Trade.
245 10 - TITLE STATEMENT
Title India's trade prospects with Brazil.
260 1# - PUBLICATION, DISTRIBUTION, ETC.
Place of publication, distribution, etc. New Delhi
Date of publication, distribution, etc. [1967]
300 ## - PHYSICAL DESCRIPTION
Extent 111 p.
Other physical details map.
Dimensions 25 cm.
350 ## - PRICE (NR) (BK AM CF MU VM SE) [OBSOLETE]
Price Rs6.75
504 ## - BIBLIOGRAPHY, ETC. NOTE
Bibliography, etc. note Bibliography: p. [109]-111.
651 #0 - SUBJECT ADDED ENTRY--GEOGRAPHIC NAME
Geographic name Brazil
General subdivision Commerce.
651 #0 - SUBJECT ADDED ENTRY--GEOGRAPHIC NAME
Geographic name Brazil
General subdivision Commerce
Geographic subdivision India.
651 #0 - SUBJECT ADDED ENTRY--GEOGRAPHIC NAME
Geographic name India
General subdivision Commerce
Geographic subdivision Brazil.

No items available.

Powered by Koha